Listening B2

This book provides learners with a challenging variety of accents and topics to listen to and presents learners with a large amount of useful information, advice and practice exercises with the aim of helping them understand more when they listen to English being spoken

Сохранить в:
Библиографические подробности
Главный автор: Badger, Ian
Формат:
Язык:Undetermined
Опубликовано: Thành phố Hồ Chí Minh Tổng hợp 2014
Предметы:
Метки: Добавить метку
Нет меток, Требуется 1-ая метка записи!
Thư viện lưu trữ: Trung tâm Học liệu Trường Đại học Cần Thơ
LEADER 00826nam a2200217Ia 4500
001 CTU_202423
008 210402s9999 xx 000 0 und d
020 |c 188000 
082 |a 428.0076 
082 |b B135 
100 |a Badger, Ian 
245 0 |a Listening B2 
245 0 |c Ian badger 
260 |a Thành phố Hồ Chí Minh 
260 |b Tổng hợp 
260 |c 2014 
520 |a This book provides learners with a challenging variety of accents and topics to listen to and presents learners with a large amount of useful information, advice and practice exercises with the aim of helping them understand more when they listen to English being spoken 
650 |a English language,Anh ngữ 
650 |x Listening 
904 |i Tuyến 
980 |a Trung tâm Học liệu Trường Đại học Cần Thơ